• 首页
  • 本馆介绍
  • 公告通知
  • 最新文献
  • 馆藏检索
  • 电子资源
  • 读者导购
  • 参考咨询
  • 我的图书馆
  • 登录
  • 详细信息显示
  • 放入我的书架
  • 预约/预借图书
  • 作者相关作品
  • 分类相关作品
  • 丛书相关作品
  • 出版社相关作品

书目信息

  • 表格格式
  • 工作单格式
  • 卡片格式
题名:
故宫知时节
    
 
作者: 宋英杰 著 ;王琎 摄影
分册:  
出版信息: 北京   故宫出版社  2021.6
页数: 395页
开本: 21cm
丛书名:
单 册:
中图分类: P462 , Q142.2
科图分类:
主题词: 二十四节气--普及读物 , 物候学--普及读物
电子资源:
ISBN: 978-7-5134-1264-3
000 01085nam0 2200289 45
001 012001002928
005 20141010135618.0
010    @a978-7-5134-1264-3@b精装@dCNY96.00
100    @a20201130d2019 em y0chiy50 ea
101 0  @achi
102    @aCN@b110000
105    @aa z 000yy
106    @ar
200 1  @a故宫知时节@Agu gong zhi shi jie@b专著@e二十四节气 七十二候@f宋英杰著@g王琎摄影
210    @a北京@c故宫出版社@d2021.6
215    @a395页@c彩图,彩照@d21cm
300    @a其他题名:二十四节气 七十二候
330    @a本书对二十四节气的解读,是基于气候大数据(包括现代气候数据,也包括清代钦天监的观测数据)的解读。也有命题作文:从文化和科学的两个维度,逐条解读二十四节气的七十二候。包括讲述节气“物语”中的气候逻辑、物候标识中的争议以及科学谬误。
517 1  @a二十四节气 七十二候@Aer shi si jie qi qi shi er hou
606 0  @a二十四节气@j普及读物
606 0  @a物候学@j普及读物
690    @aP462@v5
690    @aQ142.2@v5
701  0 @a宋英杰@Asong ying jie@4著
702  0 @a王琎@Awang jin@4摄影
801  2 @aCN@bBJSDL@c20211018
905    @b1350862-5@dP462@e185@f4
    
    故宫知时节:二十四节气 七十二候/宋英杰著/王琎摄影.-北京:故宫出版社,2021.6
    395页:彩图,彩照;21cm
    其他题名:二十四节气 七十二候
    
    ISBN 978-7-5134-1264-3(精装):CNY96.00
    本书对二十四节气的解读,是基于气候大数据(包括现代气候数据,也包括清代钦天监的观测数据)的解读。也有命题作文:从文化和科学的两个维度,逐条解读二十四节气的七十二候。包括讲述节气“物语”中的气候逻辑、物候标识中的争议以及科学谬误。
●
相关链接 在E读中查询图书 在五车中查询图书 在当当中查询图书 在豆瓣中查询图书


正题名:故宫知时节     索取号:P462/185         预约/预借

序号 登录号 条形码 馆藏地/架位号 状态 备注
1 1350862   213508621   第二样本阅览室/ [索取号:P462/185] 在馆    
2 1350863   213508630   第三借阅区/ [索取号:P462/185] 在馆    
3 1350864   213508649   第三借阅区/ [索取号:P462/185] 在馆    
4 1350865   213508658   第三借阅区/ [索取号:P462/185] 在馆    
唐山师范学院图书馆 欢迎您!
大连网信软件有限公司© 版权所有